000 01012nas a2200289 4500
001 BR0200682
003 BR-BrBNA
005 20231205102752.0
007 ta
008 230509b bl.|||p| |||| 00| 00por d
040 _aBR-BrBNA
_bpor
_cBiblioteca Nacional de Agricultura
041 _a(Pt)
072 _aL10
100 1 _aPapa, F.O.
100 1 _aDell'Agua Júnior, J.A.
111 1 _a14. Congresso Brasileiro de Reprodução Animal
_cBelo Horizonte, MG (Brazil)
_d1-5 Aug 2001
245 1 _aEfeito do tipo de envasamento e método de descongelação sobre os parâmetros espermáticos e índices de fertilidade de sêmen congelado eqüino
650 _aEQÜINO
650 _aSÊMEN
650 _aCONGELAMENTO
650 _aDOSE
650 _aINSEMINAÇÃO ARTIFICIAL
650 _aFERTILIDADE
773 0 _tRevista Brasileira de Reprodução Animal (Brazil)
_xISSN 0102-0803
_g(Jul-Sep 2001), v. 25(3) p. 458-460
_wBR0200682
909 _a202311
_bLúcia
_c55
_dLúcia Elande
942 _2AGRIS
_n0
_cANA
999 _c169243
_d169243